000 00713nam a2200289Ia 4500
005 20260324133206.0
008 008 260324s9999 xx 000 0 eng d
020 _a9781315808710
037 _aEBOOK
040 _aCRL
040 _beng
040 _cCRL
041 _2eng
041 _aeng
084 _qCRL
100 _aVolker Thomas; Joseph L. Wetchler; Terri Karis
_91192140
245 0 _aClinical Issues with Interracial Couples
245 0 _bTheories and Research
260 _bTaylor and Francis
260 _c2003
365 _a
365 _b195
856 _uhttp://www.taylorfrancis.com/books/9781315808710
942 _cEBOOK
999 _c1790978
_d1790978